00605nam a2200145Ia 4500008004100000024006000041082001900101100007700120245004400197260002600241600003200267650003300299856011000332999001700442260210s9999 xx 000 0 und d a10B-027-CE, 10B-012-CE, 10B-016-CE & 10B-015-CE a629.895072 KHA aMuhammad Humza Khan, Tahira Reem Yaseen, Khadija Iqbal & Badar Anwar 0aMulti Microcontroller Development Board aKarachi:bUITU,c2010 aComputer System Engineering aBachelor of Engineering (BE) uhttps://drive.google.com/file/d/1MeFPJ09eWpLohHOGBtD1gaJUirnG3-Dr/view?usp=share_linkyClick here for PDF c32759d32759